000 00481nab a2200145Ia 4500
003 ES-SlBCS
005 20210601135701.0
008 140529s1996 xxu||||| |||| 00| 0 spa d
041 _aspa
100 1 _aGnanadason, Aruna
_9235313
245 0 0 _aUna Iglesia en solidaridad con las mujeres: utopía o símbolo de fidelidad
_c Aruna Gnanadason
650 0 4 _aTeología Feminista-Década Ecuméncia
_9235314
773 0 _tConcilium
_gnº. 263, 1996, págs. 105-113
_wRev134
942 _cAR
999 _c632242
_d632242